000 01015nam a22001817a 4500
005 20260305171845.0
010 _aBACHN26
020 _a9780997025491
_c490.00
037 _bए.आर. पब्लिकेशन
082 _a000
100 _aआदित्य रंजन
_988068
245 _aसामान्य ज्ञान, थ्यौरी एम.सी.क्यू:
_bट्रिक एंड बैस्ट इंफाग्राफीक्स/
_cआदित्य रंजन
250 _aप्रथम
260 _aनई दिल्ली
_bए.आर. पब्लिकेशन
_c2025
300 _a590पृ.
_c26सेमी (अजिल्द)
_bसचित्र
500 _aएस.एस.सी(सी.जी.एल.), सी.पी.ओ, स्टैनोग्राफ्रर, एस.पी, जी.डी, एम.टी.एस., रेलवे एन.टी.पी.सी, एलपी.
942 _2ddc
_cHN
_h000
_mआदित्य
999 _c215315
_d215315